Vocabulaire utiles anglais - Statistiques

Statistiques générales
  • Ce quiz a été pris 2 975 fois
  • Le résultat moyen est 7 sur 21
Statistiques - réponses
Hint Réponse % Correct
mois month
93%
prendre take
89%
cuisiner cook
87%
donner give
85%
matin morning
85%
réel real
85%
étudiant student
85%
dessiner draw
84%
donc so
83%
rire laugh
82%
tourner turn
81%
fort strong
80%
aimer like
79%
garder keep
76%
moins less
76%
vêtements clothes
75%
ajouter add
73%
bouger move
73%
étude study
73%
pousser push
70%
dîner dinner
69%
manquer miss
65%
se tenir debout stand
65%
profond deep
62%
noter note
59%
intérêt interest
57%
agir act
56%
commun common
56%
partie part
56%
cette that
56%
sec dry
55%
près near
55%
tous every
53%
moins de less than
53%
déjeuner lunch
53%
puissant powerful
53%
tenir hold
52%
avantage advantage
51%
chaque each
51%
recherche research
51%
avec plaisir with pleasure
51%
apparaitre appear
50%
rejoindre join
49%
principal main
49%
obtenir get
48%
cependant however
48%
signifier mean
48%
ceux ci these
44%
utilisable usable
44%
beaucoup many
43%
douloureux painful
43%
peut être perhaps
41%
génial great
40%
tirer pull
40%
de plus moreover
39%
ceux those
39%
gouverner govern
38%
servir serve
38%
peu few
37%
bien well
36%
chaleur heat
35%
atteindre reach
34%
dette debt
33%
améliorer improve
33%
actuellement currently
30%
rapide quick
30%
au dessus above
29%
en fait actually
29%
malgré despite
29%
fondateur founder
27%
enregistrer record
27%
selon according to
25%
prendre soin de care
25%
vers toward
24%
porter carry
23%
fiable reliable
23%
salarie employee
21%
haut top
21%
appuyer press
20%
evitable avoidable
18%
tandis que while
18%
mettre en place set
17%
frome shape
16%
fidèle faithful
14%
prêt loan
14%
infidèle unfaithful
14%
remarque notice
13%
nombreux several
13%
pouvoir d'achat purchasing power
12%
ce n'est pas grave it doesn't matter
11%
pull sweater
11%
au contraire on the contrary
10%
empoisonner poisoning
10%
demander wonder
10%
il y a ago
9%
se passer happen
9%
provoquer cause
8%
engagement commitment
8%
coûteux costly
8%
either… or … soit … soit …
8%
incertitude uncertainty
8%
etiquette label
7%
façonne shaped
7%
un sur … one in …
6%
surveillance oversight
6%
bien que though
6%
quelle que soit whatever the
6%
controler check
5%
en fin de compte eventually
5%
dépense expense
5%
brouiller scramble
5%
être en piteux état to be in a sorry state
5%
illégal unlawful
5%
débiteur debtor
4%
foyer homehold
4%
achat purchasing
4%
dirigeant executive
3%
influent influential
3%
rigoler kid
3%
revoir rejig
3%
action share
3%
d'une grande portée far-reaching
2%
agréable fine
2%
légal lawful
2%
rembourser pays back
2%
piège pitfall
2%
montée surge
2%
pratiquement virtually
2%
étendu breatdh
0%
anodin innocuous
0%
Aucun quiz correspondant
Distribution des résultats
% des personnes avec chaque résultat
Percentile par nombre de réponses
Votre historique - résultats
Vous n’avez pas pris ce quiz